00795 2200277 4500001002100000005001700021008004100038035002400079082001100103090002100114100001400135245012800149260003100277300002700308500002600335650001700361700002400378700002200402700001200424850001500436980001500451985000600466999001500472999001500487999001500502YOGYA-0209000003417020090227024849.0 ind  0010-020900000034170 a635.26 a635.26bSug BlT aSUGIHARTO aBudidaya tanaman bawang merahcdisusun oleh Sugiharto ; editor, Yan Pramadya Puspa, Agustien Setyana ; ilustrator, Soeparno aSemarangbAneka Ilmuc2000 ax, 51 hlmbilusc20 cm aBibliografi : hlm. 51 aBawang merah aPuspa, Yan Pramadya aSetyana, Agustien aSuparno aYOPDYOG(B) a14-10-2006 a3 a01B0004176 a01B0004177 a01B0004178